| 000 | 00766nac a22001811u 4500 | ||
|---|---|---|---|
| 008 | 081014s2007 xxu||||| |||| 00| 0 ara d | ||
| 020 | _a9770920177 | ||
| 082 |
_a922.11795691 _bك و ا |
||
| 245 |
_aعبد الرحمن الكواكبى : _bالأعمال الكاملة / _cدراسة وتحقيق محمد عمارة |
||
| 250 | _bطبعة مزيدة فى الدراسة والنصوص | ||
| 260 |
_aالقاهرة : _bدار الشروق ،2007 _c2007. |
||
| 300 |
_a610 ص ؛ _c24 سم. |
||
| 511 | _aCatalogued by: Sara | ||
| 600 |
_9618 _aالكواكبي ، عبد الرحمن _d1854-1902 |
||
| 650 |
_921614 _aالمصلحون السوريون |
||
| 700 |
_aعمارة ، محمد _98044 _eدراسة وتحقيق |
||
| 942 |
_cBB _k922.11795691 ك و ا _2ddc |
||
| 999 |
_c24959 _d24931 |
||